000 00793nam a2200193 a 4500
003 0
005 20250624103608.0
008 021119s19uu xx 00 eng d
050 _aPHS HV 6753
_b.P33 1999
100 _aPadilla, Robert Martin.
245 _aPerceptions of fourth year high school students 1998-1999 on the effects of gambling on students /
_cRobert Martin Padilla.
260 _aLas PiƱas City, Philippines :
_bSouthville International School and Colleges,
_c1999.
300 _aunnumbered pages :
_billustrations ;
_c28 cm.
504 _aIncludes bibliographical references.
650 _aGambling
_xPsychological aspects
_zPhilippines.
650 _aGambling
_xSocial aspects
_zPhilippines.
650 _aTeenagers
_zPhilippines
_xAttitudes toward gambling.
942 _2lcc
_cPASS
999 _c96259
_d96259